| 000 | 02902nam a2200241 4500 | ||
|---|---|---|---|
| 001 | 2162214035924653 | ||
| 003 | UA-OsUOA | ||
| 005 | 20240207120059.0 | ||
| 008 | 240207b un ||||| |||| 00| 0 ukr d | ||
| 040 |
_aUA-OsUOA _bukr _cUA-OsUOA _dUA-OsUOA |
||
| 041 | _aukr | ||
| 080 | _a343.37 | ||
| 090 | _a343.37 | ||
| 095 |
_a12.00.08 _bкримінальне право та кримінологія; кримінально-виконавче право |
||
| 100 |
_aМіловідов Р. М. _91575 |
||
| 245 |
_aЕфективність кримінальної відповідальності за легалізацію (відмивання) доходів, одержаних злочинним шляхом _cМіловідов Руслан Миколайович; наук. керівник Савінова Наталія Андріївна |
||
| 260 |
_aКиїв _c2012 |
||
| 300 | _a20 с. | ||
| 502 |
_6Автореферат дисертації на здобуття наукового ступеня кандидата юридичних наук
_cАкадемія адвокатури України _d2012 |
||
| 520 | _aУ дисертації міститься комплексне дослідження ефективності застосування кримінальної відповідальності за легалізацію (відмивання) доходів отриманих злочинним шляхом в Україні. Розкриті поняття ефективності застосування кримінально-правової норми, ефективності структури правової норми та структурної ефективності її елементів взагалі. На підставі аналізу даних судової статистики продемонстровано низький ступінь ефективності застосування досліджуваної норми в Україні. Виявлені основні причини неефективності застосування цієї норми в Україні, у тому числі основні чинники, які не відповідають міжнародним вимогам криміналізації легалізації (відмивання) доходів від злочинів, а також недоліки побудови диспозиції норми та формулювання окремих елементів складу злочину, що розміщені в чинній її редакції. Надані практичні пропозиції щодо вдосконалення змісту ст. 209 КК України. | ||
| 650 |
_2UDC _a343 Кримінальне право. Карні порушення _91546 |
||
| 942 |
_2udc _cAR |
||
| 999 |
_c575856 _d575856 |
||